Który kraj Ameryki Północnej? - Statystyki

Ogólne statystyki
  • Ten quiz został rozwiązany 6 razy
  • Średni wynik to 18 z 21
Statystyki odpowiedzi
Który kraj Ameryki Północnej... Odpowiedź % Poprawnych
jest położony na tej samej wyspie co Dominikana? Haiti
100%
ma wspólną wyspę z innym krajem? Haiti | Dominikana | Saint Martin
100%
jest największy pod względem powierzchni? Kanada
100%
zorganizował zimowe igrzyska olimpijskie w 2010 roku? Kanada
100%
ma hiszpański jako język urzędowy(oprócz Meksyku) Kuba | Dominikana | Honduras | Gwatemala | Salwador | Nikaragua | Kostaryka | Panama
100%
ma największe miasto pod względem liczby ludności? Meksyk
100%
graniczy lądowo z Kolumbią? Panama
100%
ma w nazwie słowo „Saint”? Saint Lucia | Saint Vincent i Grenadyny | Saint Kitts i Nevis | Saint-Martin | Saint-Pierre i Miquelon
100%
ma najwyższy szczyt? Stany Zjednoczone
100%
ma największą populację? Stany Zjednoczone
100%
ma ludność mówiącą w większości po angielsku? Stany Zjednoczone | Kanada | Jamajka | Belize | Barbados | Bahamy
100%
ma więcej niż 10 milionów mieszkańców? Stany Zjednoczone | Kanada | Meksyk | Gwatemala | Haiti | Kuba
100%
graniczy z Gwatemalą? Belize | Honduras | Salwador
83%
był kolonią francuską? Haiti | Saint Lucia | Kanada
83%
ma stolicę Belmopan? Belize
67%
ma flagę z krzyżem? Dominikana | Jamajka | Dominika
67%
składa się z największej liczby wysp? Kanada
67%
ma aktywny wulkan? Meksyk | Nikaragua | Gwatemala | Kostaryka | Salwador | Honduras | Saint Vincent i Grenadyny | Dominika
67%
jest najmniejszy pod względem powierzchni? Saint Kitts i Nevis
67%
jest najgęściej zaludniony? Barbados
33%
ma największy PKB per capita? Bermudy
17%
Nie znaleziono quizów pasujących do podanych kryteriów
Rozkład punktacji
Procent ludzi z każdym wynikiem
Percentyl według liczby udzielonych odpowiedzi
Twoja historia wyników
Nie rozwiązałeś tego quizu